| 000 | 00573nam a2200229 a 4500 | ||
|---|---|---|---|
| 001 | nice12345678 | ||
| 003 | IN_TiNIC | ||
| 005 | 20260116014615.0 | ||
| 008 | 050524s1993 dela grp 000 0 eng | ||
| 020 |
_a0195647998 _c0 |
||
| 082 | 0 | 0 |
_a275.4 _bVIS1 |
| 100 | _aVisvanathan, Susan | ||
| 245 | _aChristians of Kerala | ||
| 260 |
_aDelhi _bOxford and IBH PUB CO. _c1993 |
||
| 300 | _a279p | ||
| 500 | _aincludes index and biblioraphy | ||
| 505 | 2 | _aBibliography, Index | |
| 700 | 1 | _aVisvanathan, Susan | |
| 902 | _bSRS | ||
| 942 | _cBK | ||
| 999 |
_c16206 _d16206 |
||